| 000 | 00826nam a2200217 a 4500 | ||
|---|---|---|---|
| 003 | PILC | ||
| 005 | 20241120163439.0 | ||
| 008 | 051122s1986 xx 00 eng d | ||
| 010 | _aAcc#25761-63 | ||
| 020 | _a0805463410 | ||
| 040 | _cPhilippine Baptist Theological Seminary | ||
| 050 |
_aBV 3415.2 _bC859 1986 |
||
| 100 | 1 | 0 | _aCrawley, Winston |
| 245 | 1 | 0 |
_aPartners across the Pacific : _bChina and Southern Baptists: into the second century / _cWinston Crawley. |
| 260 | 0 |
_aNashville, TN : _bBroadman Press, _cc1986. |
|
| 300 | _a140 p. ; 21 cm. | ||
| 505 | _aMystique and mission -- Roots and fruit -- Expansion and interruptions -- Peril and potential -- Today and tomorrow -- | ||
| 650 |
_aSOUTHERN BAPTIST CONVENTION _xMISSIONS _xCHINA _xHISTORY |
||
| 650 |
_aBAPTISTS _xMISSIONS _xCHINA _xHISTORY |
||
| 942 |
_cCB _2lcc |
||
| 999 |
_c10549 _d10549 |
||